000 00316nam a22001457a 4500
008 230911b ||||| |||| 00| 0 eng d
020 _a9780231080880
041 _aeng
080 _a521
082 _a521BEN
100 _a19
101 _aASTRO
245 _aEARLY LIFE ON EARTH
_cBENGTSON .S
942 _2udc
_cBK
999 _c60320
_d60320